Seminari de tècniques de negociació : juny 2000 juny 2000
Publicado:
Barcelona :
Diputació de Barcelona. Servei de Planificació de Recursos Humans. Unitat de Formació ,
2000
Descripción Física:
1 carpeta amb 74 f. ; 31 cm
MARC
| LEADER | 00000nam a2200000Ia 4500 | ||
|---|---|---|---|
| 001 | 23142 | ||
| 003 | BGR | ||
| 005 | 20260324180047.0 | ||
| 008 | 160829s2000 xx 000 0 cat d | ||
| 080 | |a FOL-3-96 | ||
| 245 | |a Seminari de tècniques de negociació : |b juny 2000 | ||
| 260 | |a Barcelona : |b Diputació de Barcelona. Servei de Planificació de Recursos Humans. Unitat de Formació, |c 2000 | ||
| 300 | |a 1 carpeta amb 74 f. ; |c 31 cm | ||
| 590 | |a A la coberta: Pla de Formació | ||
| 650 | |a Negociació |9 25111 | ||
| 650 | |a Personal |x Fromació |9 43211 | ||
| 710 | 1 | |a Barcelona (Catalunya : Província). |b Diputació |b Unitat de Formació |9 52408 | |
| 901 | |a Arxiu | ||
| 942 | |n 1 |2 udc |c MON | ||
| 952 | |0 0 |1 0 |4 0 |6 FOL396 |7 1 |9 52374 |a Arxiu |b Arxiu |d 2016-12-01 |l 0 |o FOL-3-96 |p 23142 |r 2016-12-01 00:00:00 |w 2016-12-01 |y ARXIU | ||
| 999 | |c 56222 |d 56222 | ||